00770nam a22001817a 4500003000900000008004100009040007100050082006500121110005500186245006800241260003300309300002800342440006300370505005200433650002400485650002400509710005500533AR-CdUCM190425b ||||| |||| 00| 0 spa d aMUNICIPALIDAD PROVINCIAL DEL CUSCOcBIBLIOTECA MUNICIPAL DEL CUSCO aRev.Univ/N°46/1925bRev.Univ/N°46/192521° trimestre 1925 aUniversidad Nacional de San Antonio Abad del Cusco aRevista Universitaria :bÓrgano de la Universidad del Cuzco / aCusco :bH. G. Rozas,c1925. a24 páginas. :c20 cm. aRevista UniversitarianAño IX, 1° trimestre 1925, N°46 aContenido: Ante el fallo arbitral de los EE.UU. aGuerra del Pacifico aGuerra Perú Chile aUniversidad Nacional de San Antonio Abad del Cusco